| 000 | 00996nam a22002412a 4500 | ||
|---|---|---|---|
| 001 | 25894 | ||
| 003 | BD-RjUL | ||
| 005 | 20211209050937.0 | ||
| 008 | 140319s1935 mauc 000 0 eng d | ||
| 035 | _a(BD-RjUL)25964 | ||
| 040 |
_aDLC _cTLM _dOCL _dSER _dBD-RjUL _beng |
||
| 041 | _aeng | ||
| 082 |
_a920.042 _bABA 1935 |
||
| 100 | 1 |
_aAbbott, Wilbur Cortez, _d1869-1947. _979575 |
|
| 245 | 1 | 0 |
_aAdventures in reputation, _bwith an essay on Some "new" history and historians / _cby Wilbur C. Abbott ... |
| 260 |
_aCambridge, Mass : _bHarvard University Press, _c1935 |
||
| 300 |
_a264 p. : _bports. ; _c22 cm |
||
| 505 | 0 | _aThomas Babington Macaulay: historian.--Lord Chesterfield: aristocrat.--Victoria the Good. The historic Cromwell.--David Hume: philosopher-historian.--Early Americana: I. James Bloxham: farmer. II. Lecompton.--Some "new" history and historians | |
| 650 | 0 |
_aHistoriography _979576 |
|
| 651 | 0 |
_aGreat Britain _vBiography _946028 |
|
| 942 |
_2ddc _cBK |
||
| 999 |
_c25894 _d25894 |
||